Rough guide to sustainability (Record no. 104524)
[ view plain ]
| 000 -LEADER | |
|---|---|
| fixed length control field | 01253cam a2200265 4500 |
| 001 - CONTROL NUMBER | |
| control field | ##L130708 |
| 008 - FIXED-LENGTH DATA ELEMENTS--GENERAL INFORMATION | |
| fixed length control field | 050825n2005 000 0 eng u |
| 020 ## - INTERNATIONAL STANDARD BOOK NUMBER | |
| International Standard Book Number | 1859461743 |
| 035 ## - SYSTEM CONTROL NUMBER | |
| System control number | (Sirsi) u130708 |
| 041 0# - LANGUAGE CODE | |
| Language code of text/sound track or separate title | eng |
| 050 04 - LIBRARY OF CONGRESS CALL NUMBER | |
| Classification number | 333.72 $2 18 |
| 100 1# - MAIN ENTRY--PERSONAL NAME | |
| Personal name | Edwards, Brian |
| 245 00 - TITLE STATEMENT | |
| Title | Rough guide to sustainability |
| 250 ## - EDITION STATEMENT | |
| Edition statement | 2nd ed. |
| 260 ## - PUBLICATION, DISTRIBUTION, ETC. | |
| Place of publication, distribution, etc. | London |
| Name of publisher, distributor, etc. | RIBA Publications |
| Date of publication, distribution, etc. | 2005 |
| 300 ## - PHYSICAL DESCRIPTION | |
| Extent | v, 218p |
| Other physical details | ill. diagrams |
| Dimensions | 20cm |
| 350 ## - PRICE (NR) (BK AM CF MU VM SE) [OBSOLETE] | |
| Price | 19.95 |
| 505 2# - FORMATTED CONTENTS NOTE | |
| Formatted contents note | The environmental, educational and professional context -- Resources -- Sustainable design and construction -- Design solutions |
| 520 ## - SUMMARY, ETC. | |
| Summary, etc. | Guide to designing buildings for sustainability, aimed primarily at architecture students. Sets out the environmental, professional and governmental context underlying sustainability, and outlines the science, measures and design solutions required in the twenty-first century. Includes new material on vernacular buildings, offices, schools and housing, a history of green architecture education, and a guide to international conventions and agreements. |
| 520 ## - SUMMARY, ETC. | |
| Summary, etc. | Supercedes first edition (ISBN 1859461026). |
| 590 ## - LOCAL NOTE (RLIN) | |
| Local note | IKA111005 |
| 690 ## - LOCAL SUBJECT ADDED ENTRY--TOPICAL TERM (OCLC, RLIN) | |
| Topical term or geographic name as entry element | BUILT ENVIRONMENT-SUSTAINABLE CONSTRUCTION |
| 942 ## - ADDED ENTRY ELEMENTS (KOHA) | |
| Suppress in OPAC | 0 |
| Withdrawn status | Lost status | Source of classification or shelving scheme | Damaged status | Not for loan | Home library | Current library | Shelving location | Date acquired | Cost, normal purchase price | Total Checkouts | Full call number | Barcode | Date last seen | Date last checked out | Copy number | Cost, replacement price | Price effective from | Koha item type |
|---|---|---|---|---|---|---|---|---|---|---|---|---|---|---|---|---|---|---|
| Dewey Decimal Classification | London | London | Books | 04/10/2005 | 16.96 | 26 | 333.72 EDW | 30071298 | 06/08/2019 | 24/11/2009 | 1 | 16.96 | 06/08/2019 | Book |